<?xml version="1.0" encoding="UTF-8"?>
<record
    xmlns:xsi="http://www.w3.org/2001/XMLSchema-instance"
    xsi:schemaLocation="http://www.loc.gov/MARC21/slim http://www.loc.gov/standards/marcxml/schema/MARC21slim.xsd"
    xmlns="http://www.loc.gov/MARC21/slim">

  <leader>01398nam a22002177a 4500</leader>
  <controlfield tag="008">170816s2012        dr||||| |||| 00| 0 spa d</controlfield>
  <datafield tag="020" ind1=" " ind2=" ">
    <subfield code="a">9789945882049</subfield>
  </datafield>
  <datafield tag="082" ind1="0" ind2="4">
    <subfield code="a">708</subfield>
    <subfield code="b">C397v</subfield>
  </datafield>
  <datafield tag="111" ind1="1" ind2=" ">
    <subfield code="a">Concurso de arte Eduardo Le&#xF3;n Jimenes.</subfield>
    <subfield code="9">5914</subfield>
  </datafield>
  <datafield tag="245" ind1="1" ind2="0">
    <subfield code="a">XXIV Concurso de Arte Eduardo Le&#xF3;n Jimenes :</subfield>
    <subfield code="b">cat&#xE1;logo de obras.</subfield>
  </datafield>
  <datafield tag="246" ind1="2" ind2="1">
    <subfield code="a">Veinticuatro Concurso de Arte Eduardo Le&#xF3;n Jimenes.</subfield>
  </datafield>
  <datafield tag="250" ind1=" " ind2=" ">
    <subfield code="a">1a edici&#xF3;n.</subfield>
  </datafield>
  <datafield tag="260" ind1=" " ind2=" ">
    <subfield code="a">Santiago de los Caballeros, Rep&#xFA;blica Dominicana :</subfield>
    <subfield code="b">Centro Le&#xF3;n,</subfield>
    <subfield code="c">2012.</subfield>
  </datafield>
  <datafield tag="300" ind1=" " ind2=" ">
    <subfield code="a">136 p&#xE1;ginas :</subfield>
    <subfield code="b">ilustraciones en color.</subfield>
  </datafield>
  <datafield tag="505" ind1="0" ind2=" ">
    <subfield code="t">La innovaci&#xF3;n como principio</subfield>
    <subfield code="r">Rafael Emilio Yun&#xE9;n.</subfield>
    <subfield code="t">Cuando la constancia y el profesionalismo se dan las manos</subfield>
    <subfield code="r">Jos&#xE9; M. Fern&#xE1;ndez Peque&#xF1;o.</subfield>
    <subfield code="t">Las potencialidades del arte dominicano contempor&#xE1;neo</subfield>
    <subfield code="r">Karenia Guillar&#xF3;n y Sara Hermann.</subfield>
    <subfield code="t">Opiniones sobre la exposici&#xF3;n.</subfield>
    <subfield code="t">Jurados y Laudo de selecci&#xF3;n.</subfield>
    <subfield code="t">Artistas seleccionados y obras</subfield>
    <subfield code="r">Soraya Abu Naba'a, Yoel Bordas, Carlos de Le&#xF3;n, Polibio D&#xED;az, Evelyn Espaillat, Marie Jim&#xE9;nez, Hulda Guzm&#xE1;n, Sayuri Guzm&#xE1;n, Citlally Miranda, Jochi Mu&#xF1;oz, Raquel Paiewonsky, David P&#xE9;rez Karmadavis, Jos&#xE9; Pi&#xF3;n, Francisco (Pancho) Rodr&#xED;guez y Juan Zapata.</subfield>
    <subfield code="t">Laudo de Premiaci&#xF3;n.</subfield>
    <subfield code="t">Cat&#xE1;logo de obras.</subfield>
  </datafield>
  <datafield tag="653" ind1="1" ind2="0">
    <subfield code="a">Arte contempor&#xE1;neo</subfield>
  </datafield>
  <datafield tag="653" ind1="1" ind2="0">
    <subfield code="a">Arte - Rep&#xFA;blica Dominicana</subfield>
  </datafield>
  <datafield tag="653" ind1="1" ind2="0">
    <subfield code="a">Concursos de arte</subfield>
  </datafield>
  <datafield tag="653" ind1="1" ind2="0">
    <subfield code="a">Cat&#xE1;logo de obras</subfield>
  </datafield>
  <datafield tag="653" ind1="1" ind2="0">
    <subfield code="a">Eventos art&#xED;sticos</subfield>
  </datafield>
  <datafield tag="999" ind1=" " ind2=" ">
    <subfield code="c">1252</subfield>
    <subfield code="d">1252</subfield>
  </datafield>
  <datafield tag="952" ind1=" " ind2=" ">
    <subfield code="0">0</subfield>
    <subfield code="1">0</subfield>
    <subfield code="2">ddc</subfield>
    <subfield code="4">0</subfield>
    <subfield code="7">0</subfield>
    <subfield code="a">LV</subfield>
    <subfield code="b">LV</subfield>
    <subfield code="c">Eventos y Bienales</subfield>
    <subfield code="d">2017-08-16</subfield>
    <subfield code="l">0</subfield>
    <subfield code="o">708 C397v</subfield>
    <subfield code="p">004412</subfield>
    <subfield code="r">2017-08-16 00:00:00</subfield>
    <subfield code="w">2017-08-16</subfield>
    <subfield code="y">01</subfield>
  </datafield>
</record>
